[Event "ROM-chT"]
[Site "Eforie Nord"]
[Date "2023.09.25"]
[Round "5.5"]
[White "Vajda, Albert"]
[Black "David, Alexandru Vasile"]
[Result "1-0"]
[WhiteElo "2290"]
[BlackElo "2372"]
[PlyCount "113"]
[EventDate "2023.09.21"]
[EventType "team-tourn"]
[EventRounds "9"]
[EventCountry "ROU"]
[SourceTitle "EXT 2024"]
[Source "ChessBase"]
[SourceDate "2023.10.10"]
[SourceVersion "1"]
[SourceVersionDate "2023.10.10"]
[SourceQuality "1"]
[WhiteTeam "Craiova Oltenia"]
[BlackTeam "Arad Vados"]
[WhiteTeamCountry "ROU"]
[BlackTeamCountry "ROU"]

1. Nf3 d5 2. g3 Nf6 3. Bg2 e6 4. 0-0 Be7 5. c4 0-0 6. b3 d4 7. e3 c5 8. exd4 cxd4 9. Ne5 Nfd7 10. Nd3 Nc5 11. Nxc5 Bxc5 12. d3 Nc6 13. Ba3 Nb4 14. Bb2 a5 15. Na3 e5 16. Nc2 Qc7 17. a3 Nxc2 18. Qxc2 Bf5 19. Kh1 Bd6 20. f4 exf4 21. Bxd4 Bg6 22. Qc3 f6 23. gxf4 Bxf4 24. Bg1 Rae8 25. Rae1 b6 26. b4 axb4 27. axb4 Rd8 28. d4 Bf7 29. c5 bxc5 30. bxc5 g5 31. Rb1 Bd5 32. Bxd5+ Rxd5 33. Rb6 Qe7 34. Re1 Qf7 35. Qf3 Rfd8 36. Rbe6 Qg6 37. Re7 Qf5 38. c6 Rc8 39. R1e6 Rdd8 40. Qb3 Kh8 41. Qf3 g4 42. Qe4 Qxe4+ 43. Rxe4 Bd6 44. Rd7 Bf8 45. Rxd8 Rxd8 46. d5 Kg7 47. Rxg4+ Kf7 48. Bb6 Rb8 49. Bc7 Rb5 50. Rd4 Rc5 51. Rd1 Be7 52. Kg2 Rc3 53. Bf4 Ba3 54. Re1 Bb2 55. Re2 Bc1 56. Bb8 Ba3 57. Bg3 1-0

[Event "Brasov GP RO"]
[Site "Brasov"]
[Date "2023.07.17"]
[Round "3"]
[White "Warmerdam, Max"]
[Black "Vajda, Albert"]
[Result "1-0"]
[WhiteElo "2607"]
[BlackElo "2281"]
[PlyCount "81"]
[EventDate "2023.07.16"]
[EventType "swiss"]
[EventRounds "9"]
[EventCountry "ROU"]
[SourceTitle "CBM 215 Extra"]
[Source "ChessBase"]
[SourceDate "2023.09.30"]
[SourceVersion "1"]
[SourceVersionDate "2023.09.30"]
[SourceQuality "1"]

1. Nf3 Nf6 2. c4 g6 3. Nc3 Bg7 4. e4 d6 5. d4 0-0 6. Be2 e5 7. 0-0 Nc6 8. d5 Ne7 9. b4 Nh5 10. Re1 f5 11. a4 Kh8 12. a5 Ng8 13. a6 b6 14. Ra3 Bh6 15. Nd2 Nhf6 16. exf5 gxf5 17. c5 Rf7 18. Bb2 Ne8 19. Nc4 bxc5 20. bxc5 Rb8 21. Rb3 Rxb3 22. Qxb3 Rg7 23. Qb8 Bf4 24. g3 Qh4 25. Kg2 Bxa6 26. cxd6 cxd6 27. Nxd6 Nxd6 28. Qxd6 Bb7 29. Ba6 Bxa6 30. Qxa6 Qd8 31. Qd3 Ne7 32. d6 Ng6 33. Ne2 Bg5 34. Kg1 Qa8 35. Rd1 Bf6 36. d7 Bd8 37. Qxf5 Qb8 38. Bc3 Qb5 39. Nf4 Qb3 40. Nxg6+ hxg6 41. Qd3 1-0

[Event "Miercurea Ciuc GP RO Stage 3"]
[Site "Miercurea Ciuc"]
[Date "2022.08.26"]
[Round "7"]
[White "Vajda, Albert"]
[Black "Tarhan, Adar"]
[Result "0-1"]
[WhiteElo "2336"]
[BlackElo "2202"]
[PlyCount "72"]
[EventDate "2022.08.20"]
[EventType "swiss"]
[EventRounds "9"]
[EventCountry "ROU"]
[SourceTitle "CBM 209 Extra"]
[Source "ChessBase"]
[SourceDate "2022.09.30"]
[SourceVersion "1"]
[SourceVersionDate "2022.09.30"]
[SourceQuality "1"]

1. d4 d5 2. c4 e6 3. Nc3 Nf6 4. cxd5 exd5 5. Bg5 Nbd7 6. e3 Be7 7. Bd3 c6 8. Nge2 Nh5 9. Bxe7 Qxe7 10. g4 Nhf6 11. Ng3 Nb6 12. g5 Ng8 13. h4 Bd7 14. Qb3 0-0-0 15. a4 h6 16. a5 Nc4 17. Bxc4 dxc4 18. Qxc4 hxg5 19. hxg5 Rxh1+ 20. Nxh1 Qxg5 21. Ng3 Be6 22. Qa4 Ne7 23. 0-0-0 Nd5 24. Nce4 Qe7 25. Nc5 Kb8 26. Rd3 Bc8 27. Rb3 Ka8 28. Kb1 a6 29. Ka1 Qf6 30. Nge4 Qf3 31. Qc4 Nc7 32. Ka2 Nb5 33. Ng5 Qxf2 34. Nxf7 Rd5 35. Ne5 Qe1 36. Qa4 Bf5 0-1

[Event "ROM-ch"]
[Site "Eforie Nord"]
[Date "2022.02.27"]
[Round "9"]
[White "Manolache, Marius"]
[Black "Vajda, Albert"]
[Result "1-0"]
[WhiteElo "2485"]
[BlackElo "2351"]
[PlyCount "73"]
[EventDate "2022.02.20"]
[EventType "swiss"]
[EventRounds "9"]
[EventCountry "ROU"]
[SourceTitle "CBM 207 Extra"]
[Source "ChessBase"]
[SourceDate "2022.05.31"]
[SourceVersion "1"]
[SourceVersionDate "2022.05.31"]
[SourceQuality "1"]

1. d4 Nf6 2. c4 c6 3. Nf3 g6 4. Nc3 Bg7 5. e4 0-0 6. Be2 d6 7. 0-0 Na6 8. Bf4 Nh5 9. Be3 e5 10. dxe5 dxe5 11. Qxd8 Rxd8 12. Rfd1 Re8 13. c5 Bf8 14. Bxa6 bxa6 15. Nd2 Be6 16. Nb3 Nf6 17. f3 Rab8 18. Na5 Rxb2 19. Nxc6 Rc2 20. Rac1 Rxc1 21. Rxc1 Rc8 22. Nxe5 Bxc5 23. Bxc5 Rxc5 24. Nd3 Ra5 25. Rc2 Nd7 26. Kf2 Nb6 27. h4 Nc4 28. Nf4 Na3 29. Rd2 Bc4 30. Rd8+ Kg7 31. Rc8 Kf6 32. Nfd5+ Bxd5 33. Nxd5+ Kg7 34. g4 h6 35. g5 hxg5 36. hxg5 Nb1 37. Ke1 1-0

[Event "ROM-ch"]
[Site "Eforie Nord"]
[Date "2022.02.26"]
[Round "8"]
[White "Vajda, Albert"]
[Black "Popescu, Daniel Vasilica"]
[Result "1-0"]
[WhiteElo "2351"]
[BlackElo "2064"]
[PlyCount "72"]
[EventDate "2022.02.20"]
[EventType "swiss"]
[EventRounds "9"]
[EventCountry "ROU"]
[SourceTitle "CBM 207 Extra"]
[Source "ChessBase"]
[SourceDate "2022.05.31"]
[SourceVersion "1"]
[SourceVersionDate "2022.05.31"]
[SourceQuality "1"]

1. e4 c6 2. d4 d5 3. e5 c5 4. dxc5 e6 5. a3 Bxc5 6. b4 Be7 7. Nf3 Nd7 8. Bd3 g5 9. Bb2 h5 10. 0-0 a6 11. Nbd2 b5 12. a4 bxa4 13. c4 Bb7 14. Qxa4 Kf8 15. c5 Qc7 16. Nb3 g4 17. Nfd4 Nxe5 18. c6 Bc8 19. Nb5 axb5 20. Qxa8 Bd6 21. Ra7 Qd8 22. Bxe5 Bxe5 23. c7 Bxh2+ 24. Kxh2 Qh4+ 25. Kg1 Ne7 26. Nd4 g3 27. Nf3 Qf4 28. Ra3 h4 29. Qa7 h3 30. Qd4 gxf2+ 31. Kxf2 Qh6 32. Rh1 Rg8 33. Rxh3 Qc1 34. Rc3 Qd1 35. Rh8 Qa1 36. Rxg8+ Nxg8 1-0

[Event "ROM-ch"]
[Site "Eforie Nord"]
[Date "2022.02.22"]
[Round "4"]
[White "Vajda, Albert"]
[Black "Andronescu, Madalin"]
[Result "1-0"]
[WhiteElo "2351"]
[BlackElo "2122"]
[PlyCount "85"]
[EventDate "2022.02.20"]
[EventType "swiss"]
[EventRounds "9"]
[EventCountry "ROU"]
[SourceTitle "CBM 207 Extra"]
[Source "ChessBase"]
[SourceDate "2022.05.31"]
[SourceVersion "1"]
[SourceVersionDate "2022.05.31"]
[SourceQuality "1"]

1. e4 c5 2. Nf3 d6 3. c3 Nf6 4. Bd3 e5 5. Bc2 Be7 6. 0-0 0-0 7. d3 Nc6 8. Nbd2 d5 9. Ba4 Bg4 10. Re1 Qc7 11. h3 Bh5 12. Nf1 Rad8 13. Qe2 c4 14. Bc2 cxd3 15. Bxd3 dxe4 16. Bxe4 Nxe4 17. Qxe4 Bg6 18. Qa4 h6 19. Be3 a6 20. N1h2 e4 21. Nd4 Ne5 22. Bf4 Nf3+ 23. Nhxf3 Qxf4 24. g3 Qd6 25. Nd2 Qd5 26. Qb3 Bf6 27. Qxd5 Rxd5 28. N4b3 Re8 29. Re2 Bd8 30. Rae1 f5 31. Nc4 f4 32. gxf4 Bc7 33. Ncd2 Bxf4 34. Nxe4 Rde5 35. f3 Bf5 36. Kg2 R8e6 37. Rh1 g5 38. Nd4 Rb6 39. Nxf5 Rxf5 40. Rd1 Rf7 41. Nc5 Kg7 42. b4 Rc6 43. Ne6+ 1-0

[Event "Baia Mare Castanelor Cup 7th"]
[Site "Baia Mare"]
[Date "2021.11.28"]
[Round "4"]
[White "Costachi, Mihnea"]
[Black "Vajda, Albert"]
[Result "1-0"]
[WhiteElo "2463"]
[BlackElo "2353"]
[PlyCount "113"]
[EventDate "2021.11.28"]
[EventType "swiss (rapid)"]
[EventRounds "9"]
[EventCountry "ROU"]
[SourceTitle "CBM 205 Extra"]
[Source "ChessBase"]
[SourceDate "2022.01.31"]
[SourceVersion "1"]
[SourceVersionDate "2022.01.31"]
[SourceQuality "1"]

1. d4 Nf6 2. c4 g6 3. Nc3 Bg7 4. e4 d6 5. Be2 0-0 6. Bg5 Na6 7. Qd2 e5 8. d5 c6 9. f3 cxd5 10. cxd5 Bd7 11. Bxa6 bxa6 12. Nge2 h6 13. Be3 Ne8 14. 0-0 Kh7 15. g4 a5 16. Ng3 a4 17. Rac1 Qa5 18. Nb1 Qxd2 19. Nxd2 Bf6 20. Nc4 Bd8 21. Rf2 Rg8 22. Kf1 f6 23. Rfc2 Rg7 24. Kf2 Rf7 25. Bd2 h5 26. gxh5 gxh5 27. Bb4 Be7 28. Ne3 Rb8 29. Ba3 Ng7 30. Rg1 f5 31. Ngxf5 Nxf5 32. exf5 Bb5 33. Ke1 Rg8 34. Rxg8 Kxg8 35. Rg2+ Rg7 36. Kd2 Bg5 37. Rg3 h4 38. Rg4 h3 39. f6 Rg6 40. Bxd6 Bd7 41. Rb4 Rxf6 42. Be7 Bxe3+ 43. Kxe3 Rg6 44. Rb7 Bf5 45. d6 Rg2 46. d7 Bxd7 47. Rxd7 Rxh2 48. Bf6 Rxb2 49. Bxe5 Rxa2 50. Rxa7 a3 51. Rg7+ Kf8 52. Rh7 Rg2 53. Rxh3 a2 54. Rh7 Rg5 55. Bd6+ Ke8 56. Ra7 Rg2 57. f4 1-0

[Event "Baia Mare Castanelor Cup 7th"]
[Site "Baia Mare"]
[Date "2021.11.28"]
[Round "5"]
[White "Vajda, Albert"]
[Black "Magold, Filip"]
[Result "1-0"]
[WhiteElo "2353"]
[BlackElo "2160"]
[PlyCount "81"]
[EventDate "2021.11.28"]
[EventType "swiss (rapid)"]
[EventRounds "9"]
[EventCountry "ROU"]
[SourceTitle "CBM 205 Extra"]
[Source "ChessBase"]
[SourceDate "2022.01.31"]
[SourceVersion "1"]
[SourceVersionDate "2022.01.31"]
[SourceQuality "1"]

1. e4 c5 2. Nf3 d6 3. c3 Nf6 4. Bd3 g6 5. h3 Bg7 6. Bc2 0-0 7. 0-0 Nbd7 8. d4 cxd4 9. cxd4 b5 10. e5 Nd5 11. Qe2 dxe5 12. dxe5 e6 13. Re1 Qc7 14. Bd3 a6 15. a4 b4 16. Bg5 Bb7 17. Be4 Rfe8 18. Bxd5 Bxd5 19. Nbd2 Rac8 20. Qe3 Qb6 21. Qf4 Nc5 22. Re3 Nd7 23. Bh6 Rc2 24. Bxg7 Kxg7 25. Ng5 Rf8 26. Ndf3 Rc4 27. Ne4 Qc6 28. Nfd2 Rd4 29. Rae1 Qxa4 30. Qg5 h6 31. Qe7 Qc6 32. Nf6 Bxg2 33. Rg3 Bxh3 34. Nf3 Rf4 35. Nh5+ Kh7 36. Nxf4 Bf5 37. Qh4 Nc5 38. Ng5+ Kg7 39. Nh5+ gxh5 40. Nxe6+ Kh8 41. Qf6+ 1-0

[Event "ROM-chT"]
[Site "Mamaia"]
[Date "2021.10.09"]
[Round "10.2"]
[White "Vajda, Albert"]
[Black "Bulau, Andrei Cristian"]
[Result "1-0"]
[WhiteElo "2327"]
[BlackElo "2186"]
[PlyCount "77"]
[EventDate "2021.10.02"]
[EventType "team-tourn"]
[EventRounds "11"]
[EventCountry "ROU"]
[SourceTitle "CBM 204 Extra"]
[Source "ChessBase"]
[SourceDate "2021.11.30"]
[SourceVersion "1"]
[SourceVersionDate "2021.11.30"]
[SourceQuality "1"]
[WhiteTeam "Craiova Oltenia"]
[BlackTeam "Urziceni Viitorul"]
[WhiteTeamCountry "ROU"]
[BlackTeamCountry "ROU"]

1. e4 e6 2. d3 c5 3. Nf3 Be7 4. g3 b6 5. Bg2 Bb7 6. 0-0 d6 7. Re1 Nf6 8. c3 0-0 9. Nbd2 Nc6 10. a3 Rc8 11. Nf1 b5 12. h3 Qb6 13. N3h2 d5 14. e5 Nd7 15. Bf4 d4 16. Nd2 dxc3 17. bxc3 Na5 18. Ne4 c4 19. d4 Nb3 20. Ra2 Rfd8 21. Qh5 Bxe4 22. Bxe4 Nf8 23. Ng4 Ng6 24. Bg5 Qc7 25. f4 Nxd4 26. cxd4 Rxd4 27. Bxe7 Qxe7 28. Nh2 Qc5 29. Kg2 f5 30. Bb1 Rxf4 31. Nf3 c3 32. Kh2 Rc4 33. Rc2 Qe7 34. Ba2 R4c6 35. Nd4 Rb6 36. Nxf5 Qd7 37. Nd6 Rc5 38. Qg4 Nf8 39. Rf1 1-0

[Event "ROM-chT"]
[Site "Mamaia"]
[Date "2021.10.05"]
[Round "5.5"]
[White "Vajda, Albert"]
[Black "Szabo, Gergely Andras"]
[Result "1/2-1/2"]
[WhiteElo "2327"]
[BlackElo "2531"]
[PlyCount "42"]
[EventDate "2021.10.02"]
[EventType "team-tourn"]
[EventRounds "11"]
[EventCountry "ROU"]
[SourceTitle "CBM 204 Extra"]
[Source "ChessBase"]
[SourceDate "2021.11.30"]
[SourceVersion "1"]
[SourceVersionDate "2021.11.30"]
[SourceQuality "1"]
[WhiteTeam "Craiova Oltenia"]
[BlackTeam "Iasi Politehnica"]
[WhiteTeamCountry "ROU"]
[BlackTeamCountry "ROU"]

1. e4 c5 2. a3 g6 3. h4 h5 4. Nc3 Bg7 5. Bc4 Nc6 6. Rb1 d6 7. Nge2 e6 8. b4 Nf6 9. Bb5 Bd7 10. d3 a6 11. Bxc6 Bxc6 12. Bg5 Qc7 13. Qd2 Ng4 14. f3 Ne5 15. Be3 b6 16. Nd1 Ba4 17. Nf2 cxb4 18. Rxb4 b5 19. f4 Nd7 20. c3 Rc8 21. 0-0 0-0 1/2-1/2

[Event "HUN-chT2 Erkel 1516"]
[Site "Hungary"]
[Date "2016.03.20"]
[Round "9.5"]
[White "Pallagi, Janos"]
[Black "Vajda, Albert"]
[Result "1/2-1/2"]
[WhiteElo "2020"]
[BlackElo "2011"]
[PlyCount "77"]
[EventDate "2015.09.13"]
[EventType "team-tourn"]
[EventRounds "11"]
[EventCountry "HUN"]
[SourceTitle "EXT 2017"]
[Source "ChessBase"]
[SourceDate "2016.10.25"]
[SourceVersion "1"]
[SourceVersionDate "2016.10.25"]
[SourceQuality "1"]
[WhiteTeam "Foti"]
[BlackTeam "Paszto"]
[WhiteTeamCountry "HUN"]
[BlackTeamCountry "HUN"]

1. Nf3 Nf6 2. c4 c5 3. g3 d5 4. cxd5 Nxd5 5. Bg2 Nc6 6. Nc3 Nc7 7. 0-0 e5 8. d3 Be7 9. a4 0-0 10. a5 Rb8 11. Nd2 Nb4 12. Nc4 f6 13. f4 b5 14. axb6 axb6 15. fxe5 b5 16. Nd6 Be6 17. Nf5 fxe5 18. Nxe7+ Qxe7 19. Rxf8+ Qxf8 20. Ra5 Qd8 21. Be3 Ncd5 22. Bxd5 Nxd5 23. Nxd5 Qxa5 24. Ne7+ Kh8 25. Nc6 Qa8 26. Nxb8 Bh3 27. Kf2 Qxb8 28. Bxc5 Qb7 29. e4 Qc8 30. b4 Bg4 31. Qd2 h6 32. Ke3 Qd8 33. h4 Qg8 34. Qf2 Qb3 35. Bd6 Qc3 36. Bc5 Qc1+ 37. Qd2 Qg1+ 38. Qf2 Qc1+ 39. Qd2 1/2-1/2

[Event "HUN-chT2 Erkel 1516"]
[Site "Hungary"]
[Date "2016.02.28"]
[Round "8.6"]
[White "Torok, Tamas Titusz"]
[Black "Vajda, Albert"]
[Result "1/2-1/2"]
[WhiteElo "2128"]
[BlackElo "2032"]
[PlyCount "142"]
[EventDate "2015.09.13"]
[EventType "team-tourn"]
[EventRounds "11"]
[EventCountry "HUN"]
[SourceTitle "EXT 2017"]
[Source "ChessBase"]
[SourceDate "2016.10.25"]
[SourceVersion "1"]
[SourceVersionDate "2016.10.25"]
[SourceQuality "1"]
[WhiteTeam "Pestszentlorinc"]
[BlackTeam "Paszto"]
[WhiteTeamCountry "HUN"]
[BlackTeamCountry "HUN"]

1. e4 e5 2. Nf3 Nc6 3. Bc4 Bc5 4. c3 Nf6 5. d3 a6 6. 0-0 d6 7. Bb3 0-0 8. h3 Ba7 9. Re1 h6 10. Nbd2 Be6 11. Nf1 Qd7 12. Be3 Bxe3 13. Nxe3 Ne7 14. d4 Bxb3 15. axb3 Ng6 16. Qc2 Rad8 17. dxe5 Nxe5 18. Nxe5 dxe5 19. Ra5 Qe6 20. Nc4 Nd7 21. Rd1 b5 22. Ne3 Nc5 23. Rd5 Nb7 24. Ra1 c6 25. Rxd8 Rxd8 26. Rxa6 Nc5 27. Ra3 g6 28. b4 Nd3 29. Ra1 Nf4 30. Rd1 Qf6 31. Rxd8+ Qxd8 32. Qd1 Qe7 33. Kh2 Kg7 34. g3 Ne6 35. h4 Nf8 36. Qd2 Qe6 37. f3 Nd7 38. b3 Nb6 39. Qd8 Nd7 40. Qc7 Nf6 41. c4 Ne8 42. Qd8 Nd6 43. Qc7 Ne8 44. Qb8 Nf6 45. Qc7 Ne8 46. Qd8 Nd6 47. Qb8 bxc4 48. bxc4 Nxc4 49. Nxc4 Qxc4 50. Qxe5+ Kg8 51. Qb2 Qb5 52. Qd2 h5 53. Kg2 c5 54. bxc5 Qxc5 55. f4 Qc4 56. e5 Qe4+ 57. Kh2 Kg7 58. Qb2 Kh7 59. Qg2 Qf5 60. Qd2 Qe4 61. Kg1 Kg7 62. Kf2 Kh7 63. Qe2 Qf5 64. Ke3 Qe6 65. Qb2 Qh3 66. Qf2 Qe6 67. Qe2 Kg7 68. Qb2 Kh7 69. Qb7 Qc4 70. Qd7 Qb3+ 71. Qd3 Qe6 1/2-1/2

[Event "HUN-chT2 Erkel 1516"]
[Site "Hungary"]
[Date "2016.02.14"]
[Round "7.7"]
[White "Halasz, Csaba"]
[Black "Vajda, Albert"]
[Result "1-0"]
[WhiteElo "2087"]
[BlackElo "2032"]
[PlyCount "95"]
[EventDate "2015.09.13"]
[EventType "team-tourn"]
[EventRounds "11"]
[EventCountry "HUN"]
[SourceTitle "EXT 2017"]
[Source "ChessBase"]
[SourceDate "2016.10.25"]
[SourceVersion "1"]
[SourceVersionDate "2016.10.25"]
[SourceQuality "1"]
[WhiteTeam "MAFC"]
[BlackTeam "Paszto"]
[WhiteTeamCountry "HUN"]
[BlackTeamCountry "HUN"]

1. e4 e5 2. Nf3 Nc6 3. d4 exd4 4. Bc4 Nf6 5. e5 d5 6. Bb5 Ne4 7. Nxd4 Bd7 8. Bxc6 bxc6 9. 0-0 Bc5 10. f3 Ng5 11. Be3 Bb6 12. f4 Ne4 13. Nd2 Nxd2 14. Qxd2 c5 15. Ne2 d4 16. Bf2 Bc6 17. c4 Qd7 18. Qd3 f6 19. e6 Qxe6 20. Nxd4 Qd7 21. Qe2+ Kf7 22. Nxc6 Qxc6 23. Rfe1 Rhe8 24. Qd3 Kg8 25. Rxe8+ Rxe8 26. Re1 Rxe1+ 27. Bxe1 Qd6 28. Qxd6 cxd6 29. f5 Kf7 30. Kf2 Ke7 31. Kf3 Kd7 32. g4 Kc6 33. Ke4 Bd8 34. h4 h6 35. Bc3 Be7 36. g5 h5 37. g6 Bd8 38. Bd2 Be7 39. a3 Bf8 40. b4 cxb4 41. axb4 d5+ 42. cxd5+ Kb5 43. Kd3 a6 44. Bc3 Be7 45. Kd4 Bd6 46. Ke4 Bf8 47. Bd4 Kxb4 48. Bxf6 1-0

[Event "ROM-chT2"]
[Site "Calimanesti"]
[Date "2014.11.14"]
[Round "7.2"]
[White "Vajda, Albert"]
[Black "Andreescu, Darie Ioan"]
[Result "1/2-1/2"]
[WhiteElo "2442"]
[BlackElo "2295"]
[PlyCount "73"]
[EventDate "2014.11.08"]
[EventType "team-tourn"]
[EventRounds "9"]
[EventCountry "ROU"]
[SourceTitle "CBM 163 Extra"]
[Source "ChessBase"]
[SourceDate "2014.12.23"]
[SourceVersion "1"]
[SourceVersionDate "2014.12.23"]
[SourceQuality "1"]
[WhiteTeam "Arad Vados"]
[BlackTeam "Targoviste University"]
[WhiteTeamCountry "ROU"]
[BlackTeamCountry "ROU"]

1. d4 Nf6 2. Bg5 Ne4 3. Bf4 e5 4. Bxe5 Nc6 5. Nf3 d5 6. Bf4 f6 7. c3 g5 8. Be3 Nd6 9. g3 Nf5 10. Bc1 g4 11. Nfd2 h5 12. Nb3 Bd6 13. Na3 h4 14. Bg2 Rh5 15. Nb5 Nce7 16. Nxd6+ Nxd6 17. Nc5 Bf5 18. Nd3 h3 19. Bf1 Qd7 20. Bf4 0-0-0 21. Bxd6 Qxd6 22. Nf4 Rhh8 23. e3 Be4 24. Rg1 f5 25. Bd3 Qd7 26. Bxe4 fxe4 27. Qe2 Rhg8 28. c4 c6 29. 0-0-0 Kb8 30. Kb1 Rde8 31. Rc1 a6 32. Rc3 Ref8 33. Qc2 Re8 34. Ra3 dxc4 35. Qxc4 Rg5 36. Qe2 Rf8 37. Rc3 1/2-1/2